A ordem econômica na Constituição de 1988 : (Record no. 1046)

MARC details
000 -LÍDER
Campo Fixo de Controle 00726nam a2200241 a 4500
001 - NÚMERO DE CONTROLE
Campo de Controle 1046
003 - IDENTIFICAÇÃO DO NÚMERO DE CONTROLE
Campo de Controle BR-CuiBMT
005 - DATA E HORA DA ÚLTIMA ATUALIZAÇÃO
Campo de Controle 20231127211341.0
008 - DADOS FIXOS
Dados Fixos 231127s2010 spb 000 0 por d
020 ## - INTERNATIONAL STANDARD BOOK NUMBER
Nº do ISBN 8539200228
040 ## - AGÊNCIA CATALOGADORA
Código da Agência Catalogadora BR-CuiBMT
Agência que transcreveu o registro BR-CuiBMT
080 ## - Nº DA CLASSIFICAÇÃO DECIMAL UNIVERSAL
Nº edição CDU 2007
Nº Class. CDU 346.1:342.4
090 ## - NÚMERO DE CHAMADA
Nº classificação 346.1:342.4
Cutter G774o
Ano/Edição 14. ed.
100 1# - ENTRADA PRINCIPAL -- AUTOR PESSOAL
Nome pessoal Grau, Eros Roberto,
Datas associadas ao nome 1940-
245 #2 - TÍTULO PRINCIPAL
Título principal A ordem econômica na Constituição de 1988 :
Subtítulo interpretação e crítica /
Indicação de responsabilidade Eros Roberto Grau.
250 ## - EDIÇÃO
Edição 14. ed., rev. e atual.
260 ## - PUBLICAÇÃO, DISTRIBUIÇÃO, ETC.
Local de publicação São Paulo :
Editora Malheiros,
Data 2010.
300 ## - DESCRIÇÃO FÍSICA
N. páginas ou volumes 391 p.:
Dimensões 21 cm
504 ## - NOTA DE BIBLIOGRAFIA, ETC.
Nota de bibliografia Inclui bibliografia.
650 ## - ASSUNTO TÓPICO
Cabeçalho tópico ou nome geográfico Direito econômico
650 ## - ASSUNTO TÓPICO
Cabeçalho tópico ou nome geográfico Direito constitucional
942 ## - ELEMENTOS DE ENTRADA ADICIONAIS (KOHA)
Fonte de classificação ou esquema de arquivamento Classificação Decimal Universal
Tipo de item do Koha Livros
Holdings
Estado: removido Estado: perdido Fonte de classificação ou esquema de arquivamento Estado: danificado Indisponível para empréstimo Localização permanente Localização atual Data de aquisição Total Checkouts Número de Chamada completo Código de barras Date last seen Número do exemplar Preço efetivo a partir de Tipo de item (Koha)
    Classificação Decimal Universal     Biblioteca da Escola Superior de Contas do TCE/MT Biblioteca da Escola Superior de Contas do TCE/MT 02/04/2013   346.1:342.4 G774o BIBTCEMT23111170 27/11/2023 Ex. 1 27/11/2023 Livros

Powered by Koha